Insight into IELTS extra with answers / (Record no. 63976)

MARC details
000 -LEADER
fixed length control field 00992nam a22002177a 4500
005 - DATE AND TIME OF LATEST TRANSACTION
control field 20120309123426.0
010 ## - LCCN (DPL NO)
LC control number B-456377
020 ## - INTERNATIONAL STANDARD BOOK NUMBER
International Standard Book Number 9780521691024
Terms of availability 395.00
035 ## - SYSTEM CONTROL NUMBER
System control number B-456377
037 ## - SOURCE OF ACQUISITION
Source of stock number/acquisition Allied
082 ## - DEWEY DECIMAL CLASSIFICATION NUMBER
Classification number 488.24076
100 ## - MAIN ENTRY--PERSONAL NAME
Personal name Jakeman, Vanessa
245 ## - TITLE STATEMENT
Title Insight into IELTS extra with answers /
Statement of responsibility, etc by Vanessa Jakeman and Clare McDowell
260 ## - PUBLICATION, DISTRIBUTION, ETC. (IMPRINT)
Place of publication, distribution, etc New Delhi
Name of publisher, distributor, etc Cambridge University Press
Date of publication, distribution, etc 2011
270 ## - ADDRESS
Address Cambridge House,4381/4,Ansari Road,Daryaganj,
City New Delhi
Postal code 110002
300 ## - PHYSICAL DESCRIPTION
Extent 158p
Dimensions 28cm(pbk)
Other physical details ill
Accompanying material +CD-ROM
700 ## - ADDED ENTRY--PERSONAL NAME
Personal name Mcdowell,Clare
9 (RLIN) 43703
942 ## - ADDED ENTRY ELEMENTS (KOHA)
Source of classification or shelving scheme Dewey Decimal Classification
Item type English Books
Call number suffix JAK
Classification part 488.24076
Holdings
Withdrawn status Lost status Not for loan Collection code Home library Current library Date acquired Source of acquisition Cost, normal purchase price Full call number Barcode Copy number Cost, replacement price Koha item type
  Written-off vide DLB M. No. 383 dt 16.05.19 Not For Loan Non-fiction Central Library Central Library 28/03/2012 Allied Pub/1498/12.12.2011/Spl.P.Order/12.12.2011/03.02.2012 395.00 488.24076 JAK B-456377 1 395.00 English Books

© Delhi Public Library
Hit Counter
free hit counter